000
00273nam a22001217a 4500
999
_c
166566
_d
166566
082
_a
_b
245
_a
Partition of India why 1947/
_c
by Kaushik Roy (ed.).
260
_a
_b
Oxford,
_c
2012.
300
_a
274p.
650
_a
700
_a
Kaushik Roy (ed.)
942
_c
BK